Top 50 best football clubs in Europe - Statistics

General Stats
  • This quiz has been taken 170 times
  • The average score is 29 of 50
Answer Stats
Position Answer % Correct
1. Real Madrid
99%
11. Manchester United
96%
2. Manchester City
95%
10. Barcelona
94%
3. FC Bayern Munich
94%
5. Paris-Saint-Germain
93%
6. Inter
91%
7. Chelsea
90%
4. Liverpool
90%
8. Borussia Dortmund
89%
14. Atletico Madrid
88%
22. Juventus
86%
27. Tottenham hotspur
85%
12. Arsenal
83%
19. Milan
76%
34. Napoli
76%
30. AFC Ajax
74%
18. FC Porto
73%
46. Aston Villa
72%
35. Sporting
72%
15. Benfica
70%
9. Roma
69%
13. Bayer 04 Leverkusen
68%
28. PSV Eindhoven
68%
36. Sevilla
62%
26. Feyenoord
54%
21. Lazio
54%
20. RB Leipzig
54%
40. Real Betis
54%
17. Villarreal
51%
16. Atalanta
50%
23. Eintracht Frankfurt
50%
31. Lille
48%
29. West Ham United
47%
25. Rangers
46%
24. Club Brugge KV
44%
33. Fiorentina
44%
32. Real Sociedad
39%
47. Fenerbahce
37%
44. Red Bull Salzburg
36%
37. Olympiacos FC
28%
43. Bodo/Glimt
21%
38. GNK Dinamo Zagreb
20%
50. FK Crvena Zvezda
18%
41. Shakhtar Donetsk
17%
42. SK Slavia Praha
17%
39. AZ Alkmaar
12%
49. FC Kobenhavn
9%
45. Olympique de Marseille
3%
48. Sporting Braga
1%
No matching quizzes found
Score Distribution
Percent of People with Each Score
Percentile by Number Answered
Your Score History
You have not taken this quiz